| 000 | 00809nam a2200205 a 4500 | ||
|---|---|---|---|
| 001 | 000031270 | ||
| 005 | 20200930062820.0 | ||
| 008 | 110224s2007 dr ac 000 0 spa d | ||
| 020 | _a9789945421330 | ||
| 040 |
_aDO-SdBNP _bspa _cBNPHU |
||
| 082 |
_axxxx _bC758 |
||
| 245 | 0 | 0 |
_aConstruyendo la generación futura mediante la educación en los valores / _ccoordinadora Delia de Rodríguez. |
| 260 |
_aSantiago, República Dominicana : _bMinisterio de Enseñanza de la Congregación Cristiana, _c2007. _fAmigo del Hogar |
||
| 300 |
_a110 p. : _bil. ; _c28 cm. |
||
| 500 | _aLa biblioteca posee el libro 3, año escolar 2007-2008 | ||
| 504 | _aBibliografía: p. 110 | ||
| 700 | 1 |
_aRodríguez, Delia de _ecood _952739 |
|
| 710 | 1 |
_aMinisterio de Enzeñanza de la Congregación Cristiana. _954844 |
|
| 049 | _aBNPD | ||
| 999 |
_c30762 _d30762 |
||